000 00952nam a22003017a 4500
001 7117
003 FISKH
005 20250624104216.0
008 250624b cb ||||| |||| 00| 0 eng d
020 _a0809499622
040 _aFISKH
_beng
_cFISKH
_dFISKH
050 _aQA40 .R54
082 _a510
100 _aVirginia, Alexandeia
245 _aRight in your own backyard :
_cBy Alexandria Virginia
260 _aNew York :
_bTime Life Education ,
_c1992.
300 _a63 unnumbered pages :
_bcolor illustrations ;
_c28 cm .
490 _aI love math
505 _aK
520 _aStories, poems, activities, and games introduce readers to the rich array of math to be found in our own backyards.
521 8 _a510
_bLexile estimate
521 8 _aK
_bRaz-Plus
650 _aMath skill
_vNon-fiction
650 _aNature
_vNon-fiction
700 _aSmith, Robert H.
_ePublisher
942 _2ddc
_cBK
_n0
999 _c7117
_d7117